Sports Quiz

Random Sports or College Quiz
Score 0/30 Timer 10:00
1 Play Today
% Correct
Celtics
90.3%
Hawks
88.5%
Grizzlies
81.2%
76ers
80%
Rockets
79.4%
Cavaliers
78.2%
Trailblazers
78.2%
Clippers
76.4%
Thunder
76.4%
Bucks
74.5%
Pelicans
73.9%
Raptors
71.5%
Timberwolves
70.9%
Heat
70.3%
Jazz
69.1%
% Correct
Suns
68.5%
Lakers
66.7%
Bulls
66.1%
Pacers
65.5%
Magic
64.2%
Nuggets
62.4%
Mavericks
58.8%
Hornets
58.2%
Wizards
56.4%
Nets
55.8%
Pistons
53.9%
Warriors
53.9%
Spurs
53.9%
Kings
50.9%
Knicks
45.5%
Come Together.
Have Fun.
All Virtual.
We all need to come together. Play Sporcle's virtual live trivia to have fun, connect with people, and get your trivia on. Join a live hosted trivia game for your favorite pub trivia experience done virtually. If a virtual private party is more your thing, go here for details.

You're not logged in!

Compare scores with friends on all Sporcle quizzes.
OR
Log In

Sporcle TV

Today on Sporcle TV


Watch our educational content, quiz creation guides, and fun videos on Sporcle TV.

Show Comments

Extras

Top Quizzes Today


Score Distribution

Paid Content

Your Account Isn't Verified!

In order to create a playlist on Sporcle, you need to verify the email address you used during registration. Go to your Sporcle Settings to finish the process.

Report this User

Report this user for behavior that violates our Community Guidelines.

Details: